[Event "Titled Tuesday intern op 23rd Apr Late"]
[Site "Chess.com INT"]
[Date "2024.04.23"]
[Round "2"]
[White "Cuenca Jimenez, Jose Fernando"]
[Black "Yagupov, Igor"]
[Result "1-0"]
[WhiteElo "2500"]
[BlackElo "2275"]
[PlyCount "127"]
[EventDate "2024.04.23"]
[EventType "swiss (blitz)"]
[EventRounds "11"]
[EventCountry "USA"]
[SourceTitle "CB18_2024"]
[SourceDate "2024.05.01"]
[SourceVersion "1"]
[SourceVersionDate "2024.05.01"]
[SourceQuality "2"]

1. d4 d5 2. Bf4 Nf6 3. e3 c5 4. dxc5 e6 5. b4 a5 6. c3 Bd7 7. Nd2 axb4 8. cxb4 b6 9. cxb6 Bxb4 10. Bc7 Qe7 11. Ngf3 0-0 12. Be2 Ne4 13. 0-0 Nc3 14. Qe1 Nxe2+ 15. Qxe2 Na6 16. b7 Ra7 17. Bb6 Rxb7 18. Qxa6 Rfb8 19. Ba5 Bb5 20. Bxb4 Qxb4 21. a3 Bxa6 22. axb4 Bxf1 23. Kxf1 Rxb4 24. h4 h6 25. g3 Rb2 26. h5 f6 27. Kg2 Kf7 28. Ra7+ R8b7 29. Rxb7+ Rxb7 30. Kf1 e5 31. e4 dxe4 32. Nxe4 Rb1+ 33. Kg2 g6 34. hxg6+ Kxg6 35. Nh4+ Kf7 36. g4 Rb4 37. Nf5 Kg6 38. Nh4+ Kf7 39. f3 Rb8 40. Kg3 Rh8 41. Nd6+ Ke6 42. Ndf5 Kf7 43. Nd6+ Ke6 44. Nhf5 Rd8 45. Ne4 Rh8 46. Ng7+ Kf7 47. Nh5 Kg6 48. Nhxf6 Ra8 49. Nd7 Ra5 50. Ndf6 Rb5 51. Nh5 Ra5 52. Kh3 Rb5 53. Nhf6 Ra5 54. Nd7 Rd5 55. Ndc5 Rd4 56. Kg3 Rd5 57. Nb3 Rb5 58. Nbd2 Ra5 59. Nc4 Rb5 60. Ne3 Ra5 61. Nd6 Rc5 62. Nef5 Ra5 63. Kh4 Ra6 64. Nc4 1-0

[Event "Titled Tuesday intern op 23rd Apr Late"]
[Site "Chess.com INT"]
[Date "2024.04.23"]
[Round "6"]
[White "Gutkin, Ilya"]
[Black "Cuenca Jimenez, Jose Fernando"]
[Result "0-1"]
[WhiteElo "2295"]
[BlackElo "2500"]
[PlyCount "166"]
[EventDate "2024.04.23"]
[EventType "swiss (blitz)"]
[EventRounds "11"]
[EventCountry "USA"]
[SourceTitle "CB18_2024"]
[SourceDate "2024.05.01"]
[SourceVersion "1"]
[SourceVersionDate "2024.05.01"]
[SourceQuality "2"]

1. Nf3 Nf6 2. g3 g6 3. b3 Bg7 4. Bb2 0-0 5. Bg2 d6 6. d4 a5 7. c4 a4 8. 0-0 Bf5 9. Na3 Be4 10. Nc2 Nfd7 11. Re1 Nc6 12. Bf1 e6 13. Nd2 Bxc2 14. Qxc2 Bxd4 15. bxa4 Bxb2 16. Qxb2 Nc5 17. Nb3 Nxa4 18. Qc2 Qf6 19. Rec1 Nd4 20. Qd3 Nxb3 21. axb3 Nc5 22. Qd1 Rxa1 23. Rxa1 Nxb3 24. Ra3 Nc5 25. Rf3 Qb2 26. h4 Ra8 27. e3 Ra1 28. Qd4 Qxd4 29. exd4 Ne4 30. Rd3 Ra2 31. Re3 Nxf2 32. Be2 Nd1 33. Bxd1 Rd2 34. Be2 Rxd4 35. Rb3 b6 36. Ra3 d5 37. Ra7 dxc4 38. Rxc7 b5 39. Rc5 Rd5 40. Rc8+ Kg7 41. Kf2 Re5 42. Bf3 h5 43. Rc7 Kf6 44. Be2 Rd5 45. Bf3 Rd2+ 46. Ke3 Rb2 47. Be2 Rb3+ 48. Kf2 Kg7 49. Rc5 Kf8 50. Bf3 Ke7 51. Rc7+ Kf6 52. Be2 Rb2 53. Kf3 Rd2 54. Ke3 Rd5 55. Bf3 Re5+ 56. Kf2 Rf5 57. Ke3 Ke5 58. Rc5+ Kd6 59. Rc6+ Kd7 60. Rb6 Kc7 61. Rb7+ Kd6 62. Be4 Rf1 63. Rxb5 f5 64. Bf3 Re1+ 65. Kf2 Rc1 66. Rb6+ Ke5 67. Rc6 c3 68. Be2 Kd5 69. Bf3+ Ke5 70. Be2 Rc2 71. Ke3 Rc1 72. Kd3 Rg1 73. Kxc3 Rxg3+ 74. Kd2 Rh3 75. Bc4 Kd4 76. Bxe6 Rh2+ 77. Ke1 Rxh4 78. Bc8 Rg4 79. Kf2 h4 80. Kf3 h3 81. Ra6 h2 82. Ra1 Rg1 83. Ra4+ Ke5 0-1

[Event "Buenos Aires FAOGBA op 2nd"]
[Site "Buenos Aires"]
[Date "2024.03.12"]
[Round "1"]
[White "Roepke, Sofia"]
[Black "Cuenca Jimenez, Jose Fernando"]
[Result "0-1"]
[WhiteElo "1942"]
[BlackElo "2499"]
[PlyCount "50"]
[EventDate "2024.03.12"]
[EventType "swiss"]
[EventRounds "9"]
[EventCountry "ARG"]
[SourceTitle "CB13_2024"]
[SourceDate "2024.03.27"]
[SourceVersion "1"]
[SourceVersionDate "2024.03.27"]
[SourceQuality "1"]

1. e4 c5 2. Nf3 Nc6 3. Bb5 e5 4. 0-0 Bd6 5. a4 Nge7 6. Nc3 0-0 7. d3 Ng6 8. Bc4 Be7 9. Ba2 Nb4 10. Nd2 Nxa2 11. Rxa2 d6 12. Nc4 f5 13. Ne3 f4 14. Ned5 f3 15. g3 Bh3 16. Re1 Qd7 17. Bd2 Bg2 18. Nxe7+ Nxe7 19. Bg5 Qh3 20. Re3 Nc6 21. Nd5 Rf7 22. c3 h6 23. Nf4 exf4 24. Bxf4 Rxf4 25. gxf4 Qg4 0-1

[Event "Titled Tuesday intern op 27th Feb Late"]
[Site "Chess.com INT"]
[Date "2024.02.27"]
[Round "8"]
[White "Badelka, Olga"]
[Black "Cuenca Jimenez, Jose Fernando"]
[Result "1-0"]
[WhiteElo "2377"]
[BlackElo "2499"]
[PlyCount "131"]
[EventDate "2024.02.27"]
[EventType "swiss (blitz)"]
[EventRounds "11"]
[EventCountry "USA"]
[SourceTitle "CB10_2024"]
[SourceDate "2024.03.06"]
[SourceVersion "1"]
[SourceVersionDate "2024.03.06"]
[SourceQuality "1"]

1. Nf3 Nf6 2. g3 g6 3. c4 Bg7 4. d4 0-0 5. Bg2 d6 6. 0-0 Nc6 7. d5 Na5 8. Nfd2 c5 9. Nc3 a6 10. Qc2 b5 11. cxb5 axb5 12. Nxb5 Bf5 13. e4 Bc8 14. a4 Ba6 15. Re1 Nd7 16. Rb1 Qb6 17. Bf1 Rfc8 18. b3 Ne5 19. Kg2 e6 20. Nc4 Nexc4 21. bxc4 Qd8 22. Bb2 Bxb2 23. Rxb2 e5 24. Reb1 Qe7 25. Na3 Qc7 26. Rb6 Rcb8 27. Qb2 Rb7 28. Rxb7 Nxb7 29. Qb6 Qxb6 30. Rxb6 Kf8 31. f4 f6 32. fxe5 fxe5 33. Be2 Ke7 34. Nb5 Kd8 35. Nxd6 Kc7 36. Rc6+ Kd7 37. Nb5 Bxb5 38. axb5 Ra2 39. Kf1 Nd6 40. Bg4+ Ke7 41. Rc7+ Kf6 42. Rc6 Ke7 43. b6 Rb2 44. Be6 Nxe4 45. Rc7+ Kf6 46. b7 Nd2+ 47. Ke1 Nxc4 48. Bc8 Nd6 49. Rd7 Nxb7 50. Bxb7 e4 51. Bc6 Ke5 52. Re7+ Kd4 53. d6 Rb1+ 54. Ke2 Rb2+ 55. Kd1 e3 56. d7 Rd2+ 57. Kc1 Kc4 58. Rxe3 Rd6 59. Re8 Rxc6 60. d8Q Kb4 61. Qh4+ c4 62. Qd4 Rc5 63. Rb8+ Rb5 64. Rxb5+ Kxb5 65. Kc2 Kc6 66. Kc3 1-0

[Event "Titled Tuesday intern op 27th Feb Late"]
[Site "Chess.com INT"]
[Date "2024.02.27"]
[Round "4"]
[White "Ribeiro, Gustavo"]
[Black "Cuenca Jimenez, Jose Fernando"]
[Result "1-0"]
[WhiteElo "2250"]
[BlackElo "2499"]
[PlyCount "163"]
[EventDate "2024.02.27"]
[EventType "swiss (blitz)"]
[EventRounds "11"]
[EventCountry "USA"]
[SourceTitle "CB10_2024"]
[SourceDate "2024.03.06"]
[SourceVersion "1"]
[SourceVersionDate "2024.03.06"]
[SourceQuality "1"]

1. e4 c5 2. Nf3 Nc6 3. Bb5 e5 4. 0-0 Bd6 5. c3 a6 6. Ba4 b5 7. Bc2 Nge7 8. d4 cxd4 9. cxd4 Nxd4 10. Nxd4 exd4 11. Qxd4 Qc7 12. h3 Bb7 13. Nc3 Bh2+ 14. Kh1 Be5 15. Qd3 0-0 16. Bb3 Kh8 17. Bg5 f6 18. Be3 f5 19. Nd5 Bxd5 20. exd5 f4 21. Rac1 Qd8 22. Bd4 Bxd4 23. Qxd4 f3 24. g3 d6 25. Rfe1 Ng6 26. Bc2 Qd7 27. Kh2 Ne5 28. Qh4 g6 29. Be4 Rac8 30. Rxc8 Qxc8 31. Qe7 Qd8 32. Qxd8 Rxd8 33. Rc1 Kg7 34. Rc7+ Rd7 35. Rc8 Nc4 36. Bxf3 Nxb2 37. Rc6 Nc4 38. Rxa6 Ne5 39. Kg2 b4 40. Rb6 Nd3 41. Be2 Nc1 42. Bc4 Rc7 43. Bb3 Nxb3 44. axb3 Rc5 45. Rxd6 Rc3 46. Rd7+ Kh6 47. h4 Rxb3 48. g4 g5 49. Rd6+ Kg7 50. hxg5 Rd3 51. f4 b3 52. Rb6 Rxd5 53. Rxb3 Rd1 54. Kf3 Rf1+ 55. Ke4 Rc1 56. Rd3 Rc4+ 57. Rd4 Rc7 58. Rd5 Re7+ 59. Re5 Ra7 60. Rd5 Re7+ 61. Kf3 Ra7 62. Re5 Rb7 63. f5 Rc7 64. Kf4 Rc4+ 65. Re4 Rc7 66. Ra4 Rb7 67. Re4 Rc7 68. Rb4 Ra7 69. Ke5 Re7+ 70. Kd6 Ra7 71. Rc4 Ra6+ 72. Ke5 Ra5+ 73. Kf4 Ra7 74. Kg3 Rb7 75. Kh4 Ra7 76. Kh5 Rb7 77. Re4 Ra7 78. Re7+ Rxe7 79. f6+ Kf7 80. fxe7 Kxe7 81. Kh6 Kf8 82. Kxh7 1-0

[Event "Titled Tuesday intern op 06th Feb Early"]
[Site "Chess.com INT"]
[Date "2024.02.06"]
[Round "1"]
[White "Biastoch, Bennet"]
[Black "Cuenca Jimenez, Jose Fernando"]
[Result "0-1"]
[WhiteElo "2220"]
[BlackElo "2499"]
[PlyCount "48"]
[EventDate "2024.02.06"]
[EventType "swiss (blitz)"]
[EventRounds "11"]
[EventCountry "USA"]
[SourceTitle "CB07_2024"]
[SourceDate "2024.02.14"]
[SourceVersion "1"]
[SourceVersionDate "2024.02.14"]
[SourceQuality "1"]

1. Nf3 Nf6 2. c4 g6 3. e3 Bg7 4. Nc3 c5 5. b3 0-0 6. Bb2 Nc6 7. Be2 b6 8. 0-0 Bb7 9. d4 cxd4 10. Nxd4 Nxd4 11. exd4 d5 12. Bf3 Rc8 13. Qe2 Re8 14. Rac1 Qd7 15. Rfd1 e6 16. h3 Bh6 17. Rc2 Ba6 18. Qe5 Bg7 19. Be2 dxc4 20. bxc4 Bxc4 21. Bxc4 Rxc4 22. Qe2 Rec8 23. Qf3 Nd5 24. Nxd5 Rxc2 0-1

[Event "Titled Tuesday intern op 06th Feb Early"]
[Site "Chess.com INT"]
[Date "2024.02.06"]
[Round "9"]
[White "Cuenca Jimenez, Jose Fernando"]
[Black "Laddha, Shubh Jayesh"]
[Result "0-1"]
[WhiteElo "2499"]
[BlackElo "2324"]
[PlyCount "84"]
[EventDate "2024.02.06"]
[EventType "swiss (blitz)"]
[EventRounds "11"]
[EventCountry "USA"]
[SourceTitle "CB07_2024"]
[SourceDate "2024.02.14"]
[SourceVersion "1"]
[SourceVersionDate "2024.02.14"]
[SourceQuality "1"]

1. d4 d5 2. Bf4 c5 3. e3 Nc6 4. Nf3 Nf6 5. Nbd2 e6 6. c3 Bd6 7. Bg3 0-0 8. Bd3 b6 9. e4 Be7 10. e5 Nh5 11. Ng5 Bxg5 12. Qxh5 g6 13. Qe2 cxd4 14. h4 Be7 15. Nf3 dxc3 16. bxc3 d4 17. 0-0-0 Qc7 18. Kb1 dxc3 19. h5 Nb4 20. Rc1 Nxd3 21. Qxd3 Rd8 22. Qxc3 Qxc3 23. Rxc3 Ba6 24. hxg6 hxg6 25. Bh4 Bxh4 26. Rxh4 Rac8 27. Rxc8 Rxc8 28. Ng5 Bd3+ 29. Kb2 Rc2+ 30. Kb3 Rxf2 31. Nh7 Kg7 32. Nf6 g5 33. Rd4 Bc2+ 34. Kc3 Rxg2 35. Rd7 a5 36. Rb7 Bb1 37. a4 Re2 38. Rxb6 Rxe5 39. Ne8+ Kf8 40. Nd6 Rc5+ 41. Kd4 Rd5+ 42. Ke3 Bg6 0-1

[Event "Titled Tuesday intern op 06th Feb Early"]
[Site "Chess.com INT"]
[Date "2024.02.06"]
[Round "10"]
[White "Shohat, Yotam"]
[Black "Cuenca Jimenez, Jose Fernando"]
[Result "0-1"]
[WhiteElo "2369"]
[BlackElo "2499"]
[PlyCount "52"]
[EventDate "2024.02.06"]
[EventType "swiss (blitz)"]
[EventRounds "11"]
[EventCountry "USA"]
[SourceTitle "CB07_2024"]
[SourceDate "2024.02.14"]
[SourceVersion "1"]
[SourceVersionDate "2024.02.14"]
[SourceQuality "1"]

1. d4 Nf6 2. c4 g6 3. Nc3 Bg7 4. e4 d6 5. Nf3 0-0 6. h3 e5 7. d5 Nh5 8. g3 Na6 9. Be2 f5 10. exf5 gxf5 11. Nxe5 Nxg3 12. fxg3 dxe5 13. Be3 f4 14. Bf2 Bf5 15. gxf4 exf4 16. Rg1 Bg6 17. Bd3 Re8+ 18. Kf1 Qd7 19. Qf3 Re3 20. Bxe3 Bxd3+ 21. Ke1 fxe3 22. Rd1 Bg6 23. Ne4 Qe7 24. Ng5 Qb4+ 25. Ke2 Qxb2+ 26. Kxe3 Rf8 0-1

[Event "Chessable Masters Play In"]
[Site "Chess.com INT"]
[Date "2024.01.31"]
[Round "3"]
[White "Cuenca Jimenez, Jose Fernando"]
[Black "Aditya, Mittal"]
[Result "1/2-1/2"]
[WhiteElo "2514"]
[BlackElo "2588"]
[PlyCount "123"]
[EventDate "2024.01.31"]
[EventType "swiss (rapid)"]
[EventRounds "9"]
[EventCountry "USA"]
[SourceTitle "CB06_2024"]
[SourceDate "2024.02.07"]
[SourceVersion "1"]
[SourceVersionDate "2024.02.07"]
[SourceQuality "1"]

1. d4 Nf6 2. c4 e6 3. Nf3 d5 4. Nc3 c6 5. Bg5 h6 6. Bxf6 Qxf6 7. e3 Nd7 8. Qc2 g6 9. Be2 Bg7 10. 0-0 0-0 11. e4 dxc4 12. Bxc4 e5 13. d5 Nb6 14. b3 Bg4 15. Nd2 Rac8 16. Qd3 Rfd8 17. h3 Bd7 18. a4 h5 19. a5 Na8 20. dxc6 bxc6 21. Qe3 Kh7 22. Nf3 Bh6 23. Qxa7 Qe7 24. Na4 c5 25. Nc3 Rc7 26. Nd5 Rxa7 27. Nxe7 Bf8 28. Nd5 Bg7 29. Rfd1 f6 30. Ne1 Bc6 31. Nd3 Bxd5 32. Bxd5 Bf8 33. Nb2 Rb8 34. Bxa8 Raxa8 35. Rd3 Kg7 36. Nc4 Kf7 37. Rad1 Be7 38. Kf1 Ke6 39. Ra1 Rb5 40. Ke2 Rb7 41. Kd1 Ra6 42. Kc2 f5 43. exf5+ gxf5 44. Re1 Bf6 45. Rde3 e4 46. f3 Bd4 47. R3e2 e3 48. Nxe3 Bxe3 49. Rxe3+ Kf6 50. Ra1 Rb5 51. Kc3 Rbxa5 52. Rxa5 Rxa5 53. Re2 Ra1 54. Kc4 Rc1+ 55. Kd3 h4 56. Rc2 Rxc2 57. Kxc2 Ke5 58. Kd3 Kf4 59. Ke2 Kg3 60. Kf1 f4 61. Kg1 c4 62. bxc4 1/2-1/2

[Event "Florianopolis op 10th"]
[Site "Florianopolis"]
[Date "2024.01.27"]
[Round "9"]
[White "Rodrigues, Edgar"]
[Black "Cuenca Jimenez, Jose Fernando"]
[Result "0-1"]
[WhiteElo "2233"]
[BlackElo "2514"]
[PlyCount "60"]
[EventDate "2024.01.20"]
[EventType "swiss"]
[EventRounds "10"]
[EventCountry "BRA"]
[SourceTitle "CB05_2024"]
[SourceDate "2024.01.31"]
[SourceVersion "1"]
[SourceVersionDate "2024.01.31"]
[SourceQuality "1"]

1. e4 c5 2. Nf3 d6 3. d4 cxd4 4. Nxd4 Nf6 5. Nc3 g6 6. Be3 Bg7 7. f3 0-0 8. Qd2 Nc6 9. Bc4 Bd7 10. 0-0-0 Rc8 11. Bb3 Ne5 12. h4 h5 13. Bg5 Rc5 14. g4 hxg4 15. f4 Nc4 16. Qe2 Na5 17. h5 Rxg5 18. fxg5 Nxh5 19. Rxh5 gxh5 20. Qh2 Nxb3+ 21. Nxb3 Bxc3 22. bxc3 Kg7 23. e5 Bf5 24. Qf4 Bg6 25. exd6 exd6 26. Rxd6 Qe7 27. Nc5 Re8 28. Rd5 Qe3+ 29. Qxe3 Rxe3 30. Kd2 Re7 0-1